| 000 | 00802nam a22002657a 4500 | ||
|---|---|---|---|
| 001 | BR8902866 | ||
| 003 | BR-BrBNA | ||
| 005 | 20230928093230.0 | ||
| 007 | ta | ||
| 008 | 230509b bl.||||| |||| 00| 0 por d | ||
| 040 |
_aBR-BrBNA _bpor _cBiblioteca Nacional de Agricultura |
||
| 041 | _a(Por) | ||
| 072 |
_aE11 _b/G514 |
||
| 090 | _ E11 BR8902866 | ||
| 110 | 1 |
_aSuperintendencia da Zona Franca de Manaus, AM (Brasil) _910029 |
|
| 245 | 1 | _aDiretrizes e normas tecnicas para a ocupacao do Distrito Agropecuario da SUFRAMA. [Superintendencia da Zona Franca de Manaus] | |
| 260 | 3 |
_aManaus, AM (Brasil): _c1985. |
|
| 300 | _a63 p. | ||
| 500 | _a7 tables | ||
| 650 | _aESTRUTURA AGRARIA | ||
| 650 | _aTERRA | ||
| 650 | _aREGIAO AMAZONICA | ||
| 909 |
_a202309 _bLucia _c55 _dLucia Elande |
||
| 942 | _cBK | ||
| 999 |
_c43771 _d43771 |
||